Guess as many nepotism babies in hollywood as you can - Statistics

General Stats
  • This quiz has been taken 215 times
    213 since last reset
  • The average score is 17 of 129
Answer Stats
Answer % Correct
Dakota Johnson
49%
Maya Hawke
49%
Kim Kardashian
48%
Khloe Kardashian
47%
Lily-Rose Depp
47%
Kourtney Kardashian
46%
Kendall Jenner
45%
Kylie Jenner
45%
Miley Cyrus
39%
Zoe Kravitz
39%
Jaden Smith
37%
Lily Collins
34%
Bella Hadid
33%
Emma Roberts
33%
Gigi Hadid
32%
Drew Barrymore
31%
Kate Hudson
31%
Angelina Jolie
30%
Hailey Bieber
30%
Maude Apatow
30%
Willow Smith
30%
Jamie Lee Curtis
26%
Gwyneth Paltrow
25%
Kaia Gerber
22%
Liza Minnelli
22%
Paris Hilton
22%
Jennifer Aniston
20%
Margaret Qualley
20%
Nicolas Cage
20%
Gracie Abrams
19%
Sofia Coppola
19%
Billie Lourd
18%
Carrie Fisher
18%
Jack Quaid
17%
Ben Stiller
16%
Brooklyn Beckham
16%
Elizabeth Olsen
16%
George Clooney
16%
Jane Fonda
16%
Timothee Chalamet
16%
Iris Apatow
15%
Nicole Richie
15%
Rashida Jones
15%
Ben Platt
14%
Michael Douglas
14%
Bryce Dallas Howard
13%
Charlie Sheen
13%
Dan Levy
13%
Melanie Griffith
13%
Sofia Richie
13%
Tracee Ellis Ross
13%
Noah Cyrus
12%
Riley Keough
12%
Alexander Skarsgard
11%
Jake Gyllenhaal
11%
Laura Dern
11%
Lisa Marie Presley
11%
Bill Skarsgard
10%
John David Washington
10%
Anwar Hadid
9%
Chris Pine
9%
Colin Hanks
9%
Emilio Estevez
9%
Maggie Gyllenhaal
9%
Maya Rudolph
9%
Paris Jackson
9%
Scott Caan
9%
Zoey Deutch
9%
Elle Fanning
8%
Jamie Lynn Spears
8%
Liv Tyler
8%
Mariska Hargitay
8%
Wyatt Russell
8%
Chet Hanks
7%
Josh Brolin
7%
Allison Williams
6%
Blake Lively
6%
Ireland Baldwin
6%
Lena Dunham
6%
Lewis Pullman
6%
Oliver Hudson
6%
Olivia Jade
6%
Rumer Willis
6%
Sam Levinson
6%
Elle King
5%
Grace Gummer
5%
Iris Law
5%
Romeo Beckham
5%
Zooey Deschanel
5%
Benedict Cumberbatch
4%
Cruz Beckham
4%
Jeff Bridges
4%
Kelly Osbourne
4%
Kristen Stewart
4%
Patrick Schwarzenegger
4%
Scott Eastwood
4%
Beanie Feldstein
3%
Brody Jenner
3%
Emily Deschanel
3%
Jemima Kirke
3%
Lottie Moss
3%
Tom Holland
3%
Tori Spelling
3%
Lori Harvey
2%
Nicola Peltz
2%
O'Shea Jackson Jr
2%
Presley Gerber
2%
Robin Thicke
2%
Cazzie David
1%
Daisy Edgar-Jones
1%
Harley Quinn Smith
1%
Kate Beckinsale
1%
Kiera Knightley
1%
Madison Beer
1%
Mason Gooding
1%
Minka Kelly
1%
Nikki Reed
1%
Sean Astin
1%
Sean Lennon
1%
Sistine Stallone
1%
Talia Shire
1%
Bijou Phillips
0%
Corinne Foxx
0%
Frances Bean Cobain
0%
James Paxton
0%
Lily Rabe
0%
Matthew Broderick
0%
Miles Robbins
0%
No matching quizzes found
Score Distribution
Percent of People with Each Score
Percentile by Number Answered
Your Score History
You have not taken this quiz since the last reset